Mort Subite - Mort Subite - Statistiques

Statistiques générales
  • Ce quiz a été pris 252 fois
  • Le résultat moyen est 10 sur 18
Answers on the Grid
Answers color-coded by a green-red scale on the quiz's grid according to % correct below.
M
O
R
T
S
U
B
I
T
E
Morse
Bim
Sumo
More
Rome
Oui
Or
A
C
Y
P
Mare
Citer
Dont
Tape
Pir
Trouve
Ok
Biberon
Boire
 
Statistiques - réponses
Réponse % Correct
T
84%
T
84%
S
79%
R
77%
E
76%
I
76%
O
76%
U
75%
B
74%
M
72%
Or
67%
More
55%
Morse
42%
Sumo
17%
Bim
11%
Oui
11%
Rome
11%
Boire
8%
Aucun quiz correspondant
Distribution des résultats
% des personnes avec chaque résultat
Percentile par nombre de réponses
Votre historique - résultats
Vous n’avez pas pris ce quiz